|
|
|
|
| LEADER |
00000cam a2200000 7i4500 |
| 001 |
0000001182 |
| 002 |
000001304 |
| 005 |
20000330.0 |
| 020 |
|
|
|a 0071128034
|
| 090 |
0 |
0 |
|a 621.36
|b SMI
|
| 100 |
1 |
|
|a Smith, Warren J
|
| 245 |
1 |
0 |
|a Modern optical engineering :
|b the design of optical systems
|c Warren J.Smith
|
| 250 |
|
|
|a 2nd ed
|
| 260 |
|
|
|a New York :
|b Mc Graw Hill ,
|c 1990
|
| 300 |
|
|
|a 524p. ;
|c 25cm.
|
| 650 |
0 |
0 |
|a Optical instruments
|x Design and construction
|
| 999 |
|
|
|a 030859
|b BUKU
|c PINJAMAN
|e PERPUSTAKAAN KOMUNITI PETALING JAYA
|
| 999 |
|
|
|a 030860
|b BUKU
|c PINJAMAN
|e PERPUSTAKAAN KOMUNITI PETALING JAYA
|